|
|
|
|
| LEADER |
02286nas a2200457 a 4500 |
| 001 |
c000156480 |
| 003 |
CARM |
| 005 |
20020205155423.0 |
| 008 |
750107d19691975gw mr p 0uu0 0ger |
| 010 |
|
|
|a 74647576 //r82
|
| 019 |
1 |
|
|a 980282
|5 LACONCORD2021
|
| 022 |
0 |
|
|a 0375-9350
|
| 035 |
|
|
|a (OCoLC)1795971
|5 LACONCORD2021
|
| 040 |
|
|
|d NSDP
|d DLC
|d AIP
|d VDU
|d NUN
|
| 042 |
|
|
|a lc
|
| 050 |
0 |
0 |
|a TS1300
|b .M38
|
| 082 |
1 |
|
|a 677.005
|2 19
|
| 130 |
|
0 |
|a Melliand Textilberichte international (Heidelberg, Germany : 1969)
|
| 210 |
0 |
|
|a Melliand Textilber. int.
|
| 222 |
0 |
0 |
|a Melliand Textilberichte international
|
| 245 |
0 |
0 |
|a Melliand Textilberichte international.
|
| 260 |
0 |
1 |
|a Heidelberg, Germany :
|b Melliand Textilberichte,
|c 1969-1975.
|
| 300 |
|
|
|a v. :
|b ill. ;
|c 30 cm.
|
| 362 |
0 |
|
|a 50 Jahrg., Heft 7 (Juli 1969)-56 Jahrg. (1975)
|
| 510 |
2 |
|
|a Abstract bulletin of the Institute of Paper Chemistry
|x 0020-3033
|
| 510 |
2 |
|
|a Energy research abstracts
|x 0160-3604
|b May 1973-Dec. 1975
|
| 550 |
0 |
|
|a Official organ of Verein der Textilchemiker und Coloristen and similar associations.
|
| 580 |
|
|
|a Issued 1972- also in English under title: Melliand Textilberichte international. English edition, ISSN 0198-7275
|
| 650 |
|
0 |
|a Textile industry
|x Periodicals.
|
| 710 |
2 |
0 |
|a Verein der Textilchemiker und Coloristen (Germany)
|
| 775 |
1 |
|
|t Melliand Textilberichte international. English edition
|x 0198-7275
|e eng #g 1972-
|
| 780 |
0 |
0 |
|t Melliand Textilberichte.
|
| 785 |
0 |
0 |
|t Melliand Textilberichte (Heidelberg, Germany : 1976)
|x 0341-0781
|g 1976
|
| 852 |
8 |
|
|b CARM
|h A2:AB31D2
|i D00774
|p 0001478
|f SE
|
| 852 |
8 |
|
|b CARM
|h A2:AB31D1
|i D00775
|p 0001477
|f SE
|
| 866 |
|
0 |
|a 51:4(1970)-56:3(1975) Inc
|
| 866 |
|
0 |
|a 51:4(1970)-56:3(1975) Inc
|
| 265 |
|
|
|a (Melliand Textilberichte KG) Rohrbacher Str. 76, D-69 1
|
| 999 |
f |
f |
|i df50f64f-28b5-5c3f-b233-a51400ef8d92
|s 4a026d4d-1380-542e-abb8-bb8c1632c80b
|
| 952 |
f |
f |
|p Can circulate
|a CAVAL
|b CAVAL
|c CAVAL
|d CARM 1 Store
|e D00775
|f A2:AB31D1
|h Other scheme
|i book
|k 53:8(1972)-54:4(1973),54:9(1973)-54:12(1973),55:2(1974),55:4(1974)-55:9(1974),55:11(1974)-55:12(1974),56:3(1975)
|m 0001477
|
| 952 |
f |
f |
|p Can circulate
|a CAVAL
|b CAVAL
|c CAVAL
|d CARM 1 Store
|e D00774
|f A2:AB31D2
|h Other scheme
|i book
|k 51:4(1970),52:1(1971)-52:9(1971),52:11(1971),53:7(1972)
|m 0001478
|